000 00559nmm a2200169Ia 4500
008 251105s9999||||xx |||||||||||||||||und||
020 _a9788498308877
041 _aspa
100 _aMorales Vallejo, Pedro
245 0 _aCómo diseñar materiales y realizar tutorías en la formación on line
264 _a[Madrid, España] :
_bUniversidad de Deusto,
_c1995
300 _a117 páginas
490 _aAzul - Cuadernos Monográficos del ICE
650 _aTechnology and computing
856 _uhttps://public.digitaliapublishing.com/a/17874
942 _cCF
999 _c91598
_d91598